| 000 | 00794nam a2200217 a 4500 | ||
|---|---|---|---|
| 005 | 20260324064019.0 | ||
| 008 | 991125s1992 fr 000 0 eng u | ||
| 035 | _aUPN01000007490 | ||
| 049 | _aUNE | ||
| 050 | 4 |
_aLB1027 _bB3.4 |
|
| 100 | 1 |
_aBautista, Oscar _937378 |
|
| 245 | 1 | 0 |
_aChange from a semester to a trimester system at the De la Salle University, Philippines / _cOscar Bautista, Víctor Ordóñez, Bikas C. Sanyal. |
| 260 |
_aParís : _bUNESCO, International Institute for Educational Planning, _c1992. |
||
| 300 |
_a114 p. : _bil. |
||
| 440 | 0 |
_aIIEP Research report ; _v94 |
|
| 650 | 4 |
_aEducación superior _vPlanes y programas _95828 |
|
| 650 | 4 |
_aReforma educativa _91530 |
|
| 700 | 1 |
_aOrdóñez, Víctor, _ecoaut. |
|
| 700 | 1 |
_aSanyal, Bikas C., _ecoaut. _929958 |
|
| 905 | _aLibro | ||
| 999 |
_c7490 _d7490 |
||